000 00830nam a2200241 i 4500
001 bg
245 1 0 _aDrgania i stateczność układów smukłych :
_bpraca zbiorowa /
_cpod kier. nauk. i red. Lecha Tomskiego ; aut. Lech Tomski [et al.].
260 _aWarszawa :
_bWydawnictwa Naukowo-Techniczne ;
_aFundacja "Książka Naukowo-Techniczna",
_c2004.
300 _a344 s. :
_bil. ;
_c24 cm.
504 _aBibliogr. przy rozdz.
650 9 _aDrgania
_xbadanie
650 9 _aStateczność
_xbadanie
650 9 _aKonstrukcje
_xmechanika
_xbadanie
650 9 _aMetody i |zagadnienia brzegowe
_xstosowanie
_xmechanika
700 1 _aTOMSKI, Lech
020 _a8320429633
040 _cBPK
041 0 _apol
080 _a534:539.3/.5:517.9
920 _a83-204-2963-3
942 _cKS
008 s pl f |000 0 pol
999 _c45240
_d45240
856 _uhttp://koha.tu.koszalin.pl/cgi-bin/koha/opac-detail.pl?biblionumber=45240
_yKatalog online BPK